000 00480nam a2200181Ia 4500
001 25318
005 20260414151142.0
008 260414t2018||||xx |||||||||||||| ||spa||
041 _aESP
082 _a346.46
_bM26
100 _aMartínez Martínez, Nuria
_eAUT
245 0 _aLos fines educativos y de investigación como límite al derecho de autor
_b
260 _c2018
300 _a447 páginas :
_c25 cm.
650 _aDER
654 _aCDE
942 _cLIB
_dJUS
_fJUS
_2ddc
_n
999 _c25318
_d25318